| Tag |
First Indicator |
Second Indicator |
Subfields |
| LEADER |
00000cam a2200000 a 4500 |
| 001 |
in00000089358 |
| 005 |
20151008063421.0 |
| 008 |
810803s1981 aruk 00010 eng |
| 010 |
|
|
|a 81147330
|
| 020 |
|
|
|a 0884500691 (pbk.) :
|c $8.50
|
| 035 |
|
|
|a (OCoLC)07156481
|
| 035 |
|
|
|9 AAK2185AM
|
| 039 |
0 |
|
|a 2
|b 3
|c 3
|d 3
|e 3
|
| 040 |
|
|
|a DLC
|c DLC
|d TXA
|d UtOrBLW
|
| 043 |
|
|
|a n-us---
|
| 049 |
|
|
|a TXAM
|c [1442257]
|
| 050 |
0 |
0 |
|a KF6585
|b .C78 1981
|
| 082 |
0 |
|
|a 343.7305/3
|a 347.30353
|2 19
|
| 100 |
1 |
|
|a Crumbley, D. Larry.
|
| 245 |
1 |
2 |
|a A practical guide to preparing a federal estate tax return /
|c D. Larry Crumbley.
|
| 250 |
|
|
|a 7th ed.
|
| 264 |
|
1 |
|a Tucson, Ariz. :
|b Lawyers & Judges Pub. Co.,
|c [1981]
|
| 264 |
|
4 |
|c ©1981
|
| 300 |
|
|
|a vi, 97 pages :
|b forms ;
|c 22 cm.
|
| 336 |
|
|
|a text
|b txt
|2 rdacontent
|
| 337 |
|
|
|a unmediated
|b n
|2 rdamedia
|
| 338 |
|
|
|a volume
|b nc
|2 rdacarrier
|
| 500 |
|
|
|a Previous eds. by Dennis A. Brown.
|
| 504 |
|
|
|a Includes bibliographical references.
|
| 650 |
|
0 |
|a Inheritance and transfer tax
|z United States.
|
| 700 |
1 |
|
|a Brown, Dennis A.
|t Practical guide to preparing a federal estate tax return.
|
| 999 |
|
|
|a MARS
|
| 999 |
f |
f |
|s 8577e3ac-4f4f-3486-9408-74718fa6f20d
|i f2f78e6f-670a-3cfe-a7fb-1ceacea1bdc1
|t 0
|
| 952 |
f |
f |
|p ric
|a Texas A&M University
|b Rellis Campus
|c Joint Library Facility
|d Remote Storage
|t 0
|e KF6585 .C78 1981
|h Library of Congress classification
|i unmediated -- volume
|m A14806157103
|
| 998 |
f |
f |
|a KF6585 .C78 1981
|t 0
|l Remote Storage
|